Les 100 meilleurs personnages de Naruto - Statistiques

Statistiques générales
  • Ce quiz a été pris 1 707 fois
    1 703 depuis la dernière actualisation
  • Le résultat moyen est 42 sur 100
Statistiques - réponses
Classement Personnages % Correct
12 A ( 3ème raikage )
100%
21 A ( 4eme raikage )
100%
3 Naruto
99%
4 Sasuke
98%
34 Kakashi
95%
30 Sakura
91%
10 Itachi
90%
8 Madara
90%
13 Minato
88%
11 Obito
87%
31 Tsunade
86%
7 Hashirama
83%
25 Jiraya
82%
24 Orochimaru
82%
59 Shikamaru
82%
15 Tobirama
81%
33 Gaara
80%
38 Hinata
79%
66 Neji
77%
26 Gai
76%
19 Hiruzen
74%
89 Choji
73%
1 Kaguya
72%
56 Lee
71%
39 Deidara
69%
27 Kisame
67%
29 Sasori
65%
90 Kiba
64%
28 Konan
63%
70 Temari
63%
78 Asuma
62%
61 Hidan
62%
64 Shino
62%
35 Kakuzu
59%
36 Kabuto
57%
18 Killer bee
57%
82 Kankuro
55%
22 Danzo
54%
23 Shisui
54%
2 Hagoromo
52%
88 Sai
51%
98 Kurenai
50%
55 Zabuza
47%
48
46%
47 Han
42%
42 Yamato
42%
57 Haku
41%
32 Mei
41%
6 Indra
40%
16 Onoki
38%
63 Jugo
37%
73 Suigetsu
37%
60 Shikaku
36%
77 Fugaku
33%
37 darui
31%
52 Kimimaro
30%
17 Mu
29%
62 Chiyo
28%
46 Utakata
28%
72 Hanzo
26%
43 Yagura
24%
99 Anko
19%
58 Izuna
19%
51 Zetsu Noir
19%
93 Chojuro
18%
9 Hamura
18%
80 Jirobo
18%
40 Rasa
18%
44 Roshi
18%
97 Tayuya
18%
67 Hiashi
17%
92 Ino
17%
100 Ibiki
16%
20 Gengetsu
15%
68 Hizashi
15%
76 Kidomaru
15%
53 Sakumo
15%
50 Ginkaku
14%
49 Kinkaku
14%
87 Kurotsuchi
12%
83 Genma
11%
69 Akatsuchi
9%
91 Shibi
9%
5 Hashura
8%
75 Juzo
8%
54 Mangetsu
7%
79 Pakura
5%
45 Yugito Nii
5%
96 Jinpachi
4%
14 Pain ( Nagato )
4%
81 Sakon & Ukon
4%
84 Ameyuri
3%
74 Fuguki
3%
41 Kitsuchi
3%
86 Gari
2%
95 Jinin
2%
94 Kushimaru
2%
71 Dodai
1%
85 Toroi
0%
65 Torume
0%
Aucun quiz correspondant
Distribution des résultats
% des personnes avec chaque résultat
Percentile par nombre de réponses
Votre historique - résultats
Vous n’avez pas pris ce quiz depuis la dernière actualisation